BSOP header

National Centennial Congress on Higher Education : (Record no. 35118)

MARC details
000 -LEADER
fixed length control field 01067nam a2200205 4500
008 - FIXED-LENGTH DATA ELEMENTS--GENERAL INFORMATION
fixed length control field 110111s1998 ph 000 0 eng
090 ## - LOCALLY ASSIGNED LC-TYPE CALL NUMBER (OCLC); LOCAL CALL NUMBER (OCLC)
Classification number (OCLC) (R) ; Classification number, CALL (RLIN) (NR) LA1298
Local cutter number (OCLC) ; Book number/undivided call number, CALL (RLIN) N21
-- 1998
-- c.2
111 2# - MAIN ENTRY--MEETING NAME
Meeting name or jurisdiction name as entry element National Centennial Congress on Higher Education
Date of meeting (1998 :
Location of meeting Manila, Philippines)
245 10 - TITLE STATEMENT
Title National Centennial Congress on Higher Education :
Remainder of title theme, higher education in the Philippines, from the revolution to the 21st century, May 28-29, 1998, Manila Midtown Hotel, Ermita, Manila, Philippines /
Statement of responsibility, etc [convened by] Commission on Higher Education.
260 ## - PUBLICATION, DISTRIBUTION, ETC. (IMPRINT)
Place of publication, distribution, etc [Manila] :
Name of publisher, distributor, etc Commission on Higher Education,
Date of publication, distribution, etc [1998]
300 ## - PHYSICAL DESCRIPTION
Extent v, 584 p. :
Other physical details ill. ;
Dimensions 25 cm.
504 ## - BIBLIOGRAPHY, ETC. NOTE
Bibliography, etc Includes bibliographical references.
650 #4 - SUBJECT ADDED ENTRY--TOPICAL TERM
Topical term or geographic name as entry element Education, Higher
Form subdivision Congresses.
650 #4 - SUBJECT ADDED ENTRY--TOPICAL TERM
Topical term or geographic name as entry element Education, Higher
Geographic subdivision Pacific Area
Form subdivision Congresses.
650 #4 - SUBJECT ADDED ENTRY--TOPICAL TERM
Topical term or geographic name as entry element Education, Higher
Geographic subdivision Philippines
Form subdivision Congresses.
951 ## - EQUIVALENCE OR CROSS-REFERENCE-GEOGRAPHIC NAME/AREA NAME [OBSOLETE] [CAN/MARC only]
General subdivision 00040504
710 22 - ADDED ENTRY--CORPORATE NAME
Corporate name or jurisdiction name as entry element Philippines. Commission on Higher Education.
710 22 - ADDED ENTRY--CORPORATE NAME
Corporate name or jurisdiction name as entry element Commission on Higher Education.
951 ## - EQUIVALENCE OR CROSS-REFERENCE-GEOGRAPHIC NAME/AREA NAME [OBSOLETE] [CAN/MARC only]
-- 34162
-- FILLA1298/N21/1998/c.2
-- 110111112714549
-- 2000-12-21
-- FIL
Holdings
Withdrawn status Lost status Damaged status Not for loan Home library Current library Shelving location Date acquired Accession number Shelving control number Total Checkouts Full call number Barcode Date last seen Price effective from Koha item type
        BSOP Library BSOP Library Filipiniana 12/21/2000 34162 127   FILLA1298/N21/1998/c.2 00040504 02/23/2013 02/23/2013 Books
BSOP

Biblical Seminary of the Philippines
  All rights Reserved
  © 2024

CONTACT INFORMATION

Biblical Seminary of the Philippines,
  77-B Karuhatan Road, Valenzuela City,
  PHILIPPINES 1441
  Phone: +632 8292-6795 / 8292-6798
  Fax : +632 8292-6675
  Email: library@bsop.edu.ph